000 00315nam a2200097 4500
008 240223b |||||||| |||| 00| 0 eng d
245 _aOur Laws 1
246 _aLaws for working women workers' rights to compensation child labour
260 _aIndia :
_bThe Department of women and child development,
_c1992
942 _cCR
999 _c4814
_d4814